| 000 | 00904nam a22002297a 4500 | ||
|---|---|---|---|
| 999 |
_c4710 _d4710 |
||
| 003 | AR-CdUCM | ||
| 008 | 190311b ||||| |||| 00| 0 spa d | ||
| 040 |
_aMUNICIPALIDAD PROVINCIAL DEL CUSCO _cBIBLIOTECA MUNICIPAL DEL CUSCO |
||
| 082 |
_a869.56 / _bF64 |
||
| 100 |
_aFlorian, Mario _914609 |
||
| 245 | _aPoesía para niños | ||
| 260 |
_aLima : _bOffset Reprográfica _c1961. |
||
| 300 |
_a60 paginas : _c23 cm. |
||
| 440 |
_aColección de lengua y literatura _nVolumen 1 _914610 |
||
| 505 | _aContenido : La poesía y el niño -- El Duque, por José María Eguren -- Princesita, Iden -- La tristeza mística, por Alberto Ureta -- Canción de la luna fea, por Ricardo Peña ... | ||
| 650 |
_aPoesia peruana _99599 |
||
| 650 |
_aLiteratura latinoamericana _96194 |
||
| 650 |
_aLiteratura universal _9611 |
||
| 710 |
_aMINISTERIO DE EDUCACIÓN PUBLICA _96342 |
||
| 942 |
_2ddc _cLIBROS |
||
| 945 | _arah | ||